|
|
|
|
| LEADER |
00000cam a22000004a 4500 |
| 001 |
musev2_64752 |
| 003 |
MdBmJHUP |
| 005 |
20230905050651.0 |
| 006 |
m o d |
| 007 |
cr||||||||nn|n |
| 008 |
171203s2018 nju o 00 0 eng d |
| 020 |
|
|
|a 9781400889556
|
| 020 |
|
|
|z 9780691182100
|
| 020 |
|
|
|z 9780691160283
|
| 035 |
|
|
|a (OCoLC)1022266210
|
| 040 |
|
|
|a MdBmJHUP
|c MdBmJHUP
|
| 245 |
0 |
4 |
|a The Presidency of Barack Obama :
|b A First Historical Assessment /
|c edited by Julian E. Zelizer.
|
| 264 |
|
1 |
|a Princeton :
|b Princeton University Press,
|c [2018]
|
| 264 |
|
3 |
|a Baltimore, Md. :
|b Project MUSE,
|c 2020
|
| 264 |
|
4 |
|c ©[2018]
|
| 300 |
|
|
|a 1 online resource (360 pages):
|b Illustrationen
|
| 336 |
|
|
|a text
|b txt
|2 rdacontent
|
| 337 |
|
|
|a computer
|b c
|2 rdamedia
|
| 338 |
|
|
|a online resource
|b cr
|2 rdacarrier
|
| 588 |
|
|
|a Description based on print version record.
|
| 600 |
1 |
7 |
|a Obama, Barack
|d 1961-
|2 gnd
|
| 600 |
1 |
7 |
|a Obama, Barack.
|2 fast
|0 (OCoLC)fst00348231
|
| 600 |
1 |
0 |
|a Obama, Barack.
|
| 651 |
|
7 |
|a USA
|2 gnd
|
| 651 |
|
7 |
|a United States.
|2 fast
|0 (OCoLC)fst01204155
|
| 651 |
|
0 |
|a United States
|x Politics and government
|y 2009-2017.
|
| 650 |
|
7 |
|a Regierung
|2 gnd
|
| 650 |
|
7 |
|a Politik
|2 gnd
|
| 650 |
|
7 |
|a Politics and government.
|2 fast
|0 (OCoLC)fst01919741
|
| 655 |
|
7 |
|0 (DE-588)4143413-4
|a Aufsatzsammlung
|2 gnd-content
|
| 655 |
|
7 |
|a Konferenzschrift
|y 2016.
|0 (DE-588)1071861417.
|2 gnd
|
| 655 |
|
7 |
|a Electronic books.
|2 local
|
| 700 |
1 |
|
|a Zelizer, Julian E.
|d 1969-
|e Herausgeber.
|4 edt
|
| 710 |
2 |
|
|a Project Muse.
|e distributor
|
| 830 |
|
0 |
|a Book collections on Project MUSE.
|
| 856 |
4 |
0 |
|z Texto completo
|u https://projectmuse.uam.elogim.com/book/64752/
|
| 945 |
|
|
|a Project MUSE - Custom Collection
|
| 945 |
|
|
|a Project MUSE - 2018 Political Science and Policy Studies Supplement
|
| 945 |
|
|
|a Project MUSE - 2018 Complete Supplement
|